00585nam a2200193 a 4500001001300000003000900013005001700022008004100039020001000080082001600090100002500106245005500131260005000186300000900236500003500245505005700280650002900337700002500366nice12345678IN_TiNIC20260116011752.0050524s1955 hyda grp 000 0 eng  ac10000a297.07bYUS aYusufuddin, Muhammad aOriental and Islamic Studies in World Universities aHyderabadbIslamic Publications Societyc1955 a255p aincludes index and biblioraphy2 aAlso Contains a First Reader in New Testament Greek. aIslam-Study and Teaching1 aYusufuddin, Muhammad